00985nam a2200253 i 4500001000700000003000900007005001700016007000300033008004100036080002200077100003600099245013200135260003100267300002200298490002300320500002900343650005900372700005600431700003900487830003100526852003300557999001900590952012200609105464ES-MaACL20251013213012.0t|060718s1971 fr ||||1| fre d a329.055.4(73)"19"1 aGalbraith, John Kenneth.95334513aLa gauche américaine / cpréface de Jean-Jacques Servan-Schreiber ; traduit de l'américain par Jean-Gérard Chauffeteau. aParis : bFayard, c[1971] a103 p. ; c22 cm.1 aEn toute liberté aBiblioteca Juan Andrade.14aIzquierda (Política)-zEstados Unidos-yS.XX.9139271 aServan-Schreiber, Jean-Jacques, d1924-200691058551 aChauffeteau, Jean-Gérard.9382020 aEn toute liberté9232730 aES-MaACLjAND-275 bR.109592 c105464d105464 00104070aATENEOMbATENEOMcDEPO2d2008-01-17eSCl0oAND-275p1110110r2023-02-23 00:00:00w2023-02-23yMONOGRAFIA